Un capitán de quince años / (Registro nro. 8664)

Detalles MARC
000 -LIDER
fixed length control field 00724nam a22002777a 4500
001 - NÚMERO DE CONTROL
Identificador de número de control 0115
003 - IDENTIFICACDOR DE NÚMERO DE CONTROL
control field DO-SdBNP
005 - DATE AND TIME OF LATEST TRANSACTION
control field 20151112143511.0
007 - CAMPOS FIJOS DE DESCRIPCIÓN FÍSICA
fixed length control field 0115
008 - ELEMENTOS DE LONGITUD FIJA
fixed length control field 151005b1986 sp 00| 0 spa d
020 ## - ISBN
International Standard Book Number 8402086993
040 ## - FUENTE DE CATALOGACIÓN
Agencia que crea de manera original el registro BPMSU
Idioma de catalogación spa
Agencia que realiza la transcripción BPMSU
092 ## - LOCALLY ASSIGNED DEWEY DECIMAL CALL NUMBER
Número de clasificación XXXX
Número de ítem (Cutter) XXXX
100 1# - ASIENTO PRINCIPAL -- NOMBRE PERSONAL
Nombre personal Verne, Julio
Fechas asociadas con el nombre 1828-1905
240 13 - TITULO UNIFORME
Título uniforme Un capitaine de quinze ans /
Idioma de una obra fre
245 13 - MENCIÓN DE TITULO
Título Un capitán de quince años /
Mención de responsabilidad Julio Verne ; ilustraciones Pedro Alférez
250 ## - MENCIÓN DE EDICION
Mención de edición 3a. ed.
260 ## - PUBLICACIÓN, DISTRIBUCIÓN, ETC. (PIE DE IMPRENTA)
Lugar de publicación, distribución, etc Barcelona :
Nombre del editor, distribuidor, etc. Bruguera,
Fecha de publicación, distribución, etc 1986.
300 ## - DESCRIPCIÓN FÍSICA
Extensión 223 p. :
Otros detalles físicos il.
Dimensiones 13 cm.
490 1# - MENCIÓN DE SERIES
Mención de serie Bruguera
Volume/sequential designation 11
700 12 - ASIENTO SECUNDARIO -- NOMBRE PERSONAL
Nombre personal Alférez, Pedro
Mención de responsabilidad il.
830 #0 - ASIENTO SECUNDARIO DE SERIE--TÍTULO UNIFORME
Título uniforme Bruguera
Número de la parte o sección de una obra 11
910 ## - VALIDACIÓN
Validación 202
942 ## - ADDED ENTRY ELEMENTS (KOHA)
Source of classification or shelving scheme Dewey Decimal Classification
Koha item type Libros
956 ## - LOCAL ELECTRONIC LOCATION AND ACCESS (OCLC)
Nombre de host Yngrid Lockward
Existencias
Withdrawn status Lost status Source of classification or shelving scheme Damaged status Not for loan Collection code Home library Current library Date acquired Source of acquisition Total Checkouts Barcode Date last seen Price effective from Koha item type
    Dewey Decimal Classification       Biblioteca Pública Metropolitana Salomé Ureña Biblioteca Pública Metropolitana Salomé Ureña 11/12/2015 Donación   BPMET15110214 11/12/2015 11/12/2015 Libros